00874nam a2200313Ia 4500008004100000040001200041082001900053082001500072100001800087245004100105250001000146260001100156260002000167260000900187300001200196300000600208300001400214530001700228563001000245600001800255630004100273650003000314650002200344700001800366730004100384942000900425999002100434952010500455160321s9999||||xx |||||||||||||| ||und|| cEnglish aXI.B Deshpande bBORI-61763 aUma Deshpande 4aThe Glimpses of Indological Heritage bFirst aBaroda bGood Companions c1989 avii+199 cB eHardbound u00021366.PDF aStudy aUma Deshpande aThe Glimpses of Indological Heritage a"Social History, Culture" aGeneral Indology  aUma Deshpande aThe Glimpses of Indological Heritage cBOOK c1366992d1366989 00104070aBORIbBORId0000-00-00l0oBORI-61763pBORI-61763r2016-03-21 00:00:00w2016-03-21yBOOK